Tropical grazing lands : Communities and constituent species (Record no. 249892)

MARC details
000 -LEADER
fixed length control field 00343nam a2200133Ia 4500
041 ## - LANGUAGE CODE
Language code of text/sound track or separate title English
082 ## - DEWEY DECIMAL CLASSIFICATION NUMBER
Classification number 633
082 ## - DEWEY DECIMAL CLASSIFICATION NUMBER
Item number PUR/TR
100 ## - MAIN ENTRY--PERSONAL NAME
Personal name Whyte Robert Orr
245 ## - TITLE STATEMENT
Title Tropical grazing lands : Communities and constituent species
260 ## - PUBLICATION, DISTRIBUTION, ETC. (IMPRINT)
Place of publication, distribution, etc. The Hague
Name of publisher, distributor, etc. Dr W. Junk Publishers
Date of publication, distribution, etc. 1974
650 ## - SUBJECT ADDED ENTRY--TOPICAL TERM
Topical term or geographic name as entry element Ecological systems
942 ## - ADDED ENTRY ELEMENTS (KOHA)
Koha item type Books (General)
Holdings
Withdrawn status Lost status Damaged status Not for loan Home library Current library Date acquired Total Checkouts Full call number Barcode Date last seen Price effective from Koha item type
        College of Agriculture, Vellanikkara College of Agriculture, Vellanikkara 03/03/2022   633 PUR/TR KAU-COA-8140 16/09/2015 16/09/2015 Books (General)
Kerala Agricultural University Central Library
Thrissur-(Dt.), Kerala Pin:- 680656, India
Ph : (+91)(487) 2372219
E-mail: librarian@kau.in
Website: http://library.kau.in/